000 01997nam a22003494i 4500
001 991061521803506706
003 ES-BaIT
005 20251120132718.0
008 251118s2014 sp a 000 d spa c
017 _aDL V 1570-2014
_bOficina DL València
020 _a9788498456035
040 _aES-BaIT
_bcat
_erda
_cES-BaIT
080 _a792.077:82-2
100 1 _aVega, Lope de,
_d1562-1635
_eautor
_950875
245 1 0 _aFuenteovejuna /
_cLope de Vega ; adaptación de José Antonio Martínez y Salvador Bataller
264 1 _aAlzira :
_bAlgar,
_c2014
300 _a283 pàgines ;
_c21 cm
336 _atext
_btxt
_2rdacontent
337 _asense mediació
_bn
_2rdamedia
338 _avolum
_bnc
_2rdacarrier
490 1 _aJoven Teatro de Papel
500 _aReimpressions: 2023
500 _aP22: D4, H18 i altres
505 8 _aInclou codi QR a la contracoberta
520 _a"Quien no haya leído aún Fuenteovejuna, o la leyó y no acabó de entenderla, con esta adaptación perderá el miedo al verso y sabrá cómo y por qué Fuenteovejuna mató al comendador y lo hicieron todos a una. Quien ya disfrutó de esta obra emblemática sobre el poder del pueblo contra la tiranía, ahora puede revivir, con palabras actuales y verso clásico, aquellos conflictos antiguos y de siempre.Dentro y fuera de nuestras fronteras, esta es una de las obras más leídas y representadas de Lope de Vega (Madrid, 1562-1635). Con esta adaptación de los profesores y hombres de teatro José Antonio Martínez Blázquez (Hellín, 1956) y Salvador Bataller Ferrer (La Pobla del Duc, 1950), se pretende abrir un puente de naturalidad lingüística fácilmente transitable para el lector actual, que le permita entender mejor Fuenteovejuna y el teatro del XVII." -- Contracoberta
700 1 _aMartínez, José Antonio
_eadaptador
_9167936
700 1 _aBataller, Salvador
_eadaptador
_97123
830 _aJoven teatro de papel
_9123812
908 _aCDMAE
940 _aCVA38
942 _2udc
_c1
999 _c136835
_d136835